Welcome to CU Library Online Public Access Catalogue (OPAC)

MODERN FRUIT CULTURE (Record no. 7754)

MARC details
000 -LEADER
fixed length control field 00357nam a22001457a 4500
005 - DATE AND TIME OF LATEST TRANSACTION
control field 20250926120612.0
008 - FIXED-LENGTH DATA ELEMENTS--GENERAL INFORMATION
fixed length control field 250926b |||||||| |||| 00| 0 eng d
020 ## - INTERNATIONAL STANDARD BOOK NUMBER
International Standard Book Number 8127218715
050 ## - LIBRARY OF CONGRESS CALL NUMBER
Classification number SB355
Item number BAR
100 ## - MAIN ENTRY--PERSONAL NAME
Personal name BAROOAH S.
245 ## - TITLE STATEMENT
Title MODERN FRUIT CULTURE
260 ## - PUBLICATION, DISTRIBUTION, ETC.
Place of publication, distribution, etc. LUDHIANA
Name of publisher, distributor, etc. KALYANI PUBLISHERS
Date of publication, distribution, etc. c1995
300 ## - PHYSICAL DESCRIPTION
Extent ix, 228p
942 ## - ADDED ENTRY ELEMENTS (KOHA)
Source of classification or shelving scheme Library of Congress Classification
Koha item type Books
Suppress in OPAC No
999 ## -
-- 7754
-- 7754
Holdings
Withdrawn status Lost status Source of classification or shelving scheme Damaged status Not for loan Collection Home library Current library Shelving location Date acquired Total checkouts Full call number Barcode Date last seen Copy number Price effective from Koha item type
    Library of Congress Classification     Non-fiction Undergraduate Library (Christ Temple) Undergraduate Library (Christ Temple) General stacks 09/26/2025   SB355 BAR ulct00005059 09/26/2025 1 09/26/2025 Books
    Library of Congress Classification     Non-fiction Undergraduate Library (Christ Temple) Undergraduate Library (Christ Temple) General stacks 09/26/2025   SB355 BAR ulct00005060 09/26/2025 2 09/26/2025 Books
    Library of Congress Classification     Non-fiction Undergraduate Library (Christ Temple) Undergraduate Library (Christ Temple) General stacks 09/26/2025   SB355 BAR ulct00005100 09/26/2025 1 09/26/2025 Books
© 2023-2024 Copyright: Central University Libraries. All Rights Reserved | Created by: Mahone Tech Office